མན་ངག་བྱེ་བ་རིང་བསྲེལ་པོད་ཆུང་རབ་འབྱམས་གསལ་བའི་སྒྲོན་མེ། (Record no. 4341)

MARC details
000 -LEADER
fixed length control field 00654nam a22001697a 4500
003 - CONTROL NUMBER IDENTIFIER
control field OSt
005 - DATE AND TIME OF LATEST TRANSACTION
control field 20151026111911.0
008 - FIXED-LENGTH DATA ELEMENTS--GENERAL INFORMATION
fixed length control field 151026b xxu||||| |||| 00| 0 eng d
040 ## - CATALOGING SOURCE
Transcribing agency Pemba
082 ## - DEWEY DECIMAL CLASSIFICATION NUMBER
Classification number 615.538DOR
100 ## - MAIN ENTRY--PERSONAL NAME
Personal name མཉམ་ཉིད་རྡོ་རྗེ།
245 ## - TITLE STATEMENT
Title མན་ངག་བྱེ་བ་རིང་བསྲེལ་པོད་ཆུང་རབ་འབྱམས་གསལ་བའི་སྒྲོན་མེ།
260 ## - PUBLICATION, DISTRIBUTION, ETC. (IMPRINT)
Place of publication, distribution, etc བོད།
Name of publisher, distributor, etc ཀན་སུའུ་མི་རིགས་དཔེ་སྐྲུན་ཁང།
Date of publication, distribution, etc 1993
300 ## - PHYSICAL DESCRIPTION
Extent 854pp.
Dimensions 20.5cm
650 ## - SUBJECT ADDED ENTRY--TOPICAL TERM
Topical term or geographic name as entry element buddhism
942 ## - ADDED ENTRY ELEMENTS (KOHA)
Source of classification or shelving scheme Dewey Decimal Classification
Koha item type Books

No items available.

College of Language and Culture Studies. Taktse, Trongsa

Powered by Koha